000 00304nam a2200121Ia 4500
008 230303s9999 xx 000 0 und d
041 _aeng
082 _a515 WYL
100 _aWYLIE (C. Ray)/ BARREETT (Louise)
245 _aAdvanced Engineering Mathematics.
260 _aNew Delhi
_bTMH
365 _cRS
999 _c173713
_d173713